Missing Word: TV CA - CZ Quiz Stats

 Plays Quiz Updated Jul 23, 2018

Score 0/22 Timer 04:00
0 Plays Today
TV Show Answer % Correct
Charlie's ___ (A)Angels
98.8%
Come Fly With ___ (M)Me
97.2%
Car 54, Where Are ___? (Y)You
96.2%
Curious ___ (G)George
95.7%
Clifford the Big Red ___ (D)Dog
95.3%
CSI: Crime Scene ___ (I)Investigation
93.1%
Call of the ___ (W)Wild
91.6%
Curb Your ___ (E)Enthusiasm
91.3%
Crime & ___ (P)Punishment
91.1%
Cougar ___ (T)Town
87.5%
Cagney & ___ (L)Lacey
86.2%
TV Show Answer % Correct
The Colbert ___ (R)Report
83.9%
Crazy Like a ___ (F)Fox
82.6%
The Cisco ___ (K)Kid
80.8%
Chicago ___ (H)Hope
77.2%
Cracking ___ (U)Up
75.7%
Crossing ___ (J)Jordan
75.3%
Code ___ (B)Black
72.1%
The Carmichael ___ (S)Show
66.7%
The Crazy ___ (O)Ones
55.6%
Cow and ___ (C)Chicken
53.9%
Conspiracy ___ (Z)Zone
53.2%

Today's Daily Dose

You're not logged in!

Compare scores with friends on all Sporcle quizzes.
OR
Log In

Sporcle TV

Today on Sporcle TV


Watch our educational content, quiz creation guides, and fun videos on Sporcle TV.

Show Comments

Extras

Top Quizzes Today


Score Distribution

Your Account Isn't Verified!

In order to create a playlist on Sporcle, you need to verify the email address you used during registration. Go to your Sporcle Settings to finish the process.

Report this User

Report this user for behavior that violates our Community Guidelines.

Details: